Tropical forest utilization system III : models for predicting veneer yield and residues from circular and elliptically shaped logs

Bibliographic Details
Main Author: BRIGGS
Format: Book
Published: Seattle, Washington : Institute of Forest Products , 1977
Series:Forest resources research reports; no. 28
Subjects:

MARC

LEADER 00000cam a2200000 7i4500
001 0000001772
005 20011119.0
090 0 0 |a 338.17498   |b BRI 1977 
100 1 0 |a BRIGGS   |h L. J. 
245 1 0 |a Tropical forest utilization system III :   |b models for predicting veneer yield and residues from circular and elliptically shaped logs   |c L. J. Briggs 
260 0 0 |a Seattle, Washington :   |b Institute of Forest Products ,   |c 1977 
300 |a 16 p. :   |b ill. ;   |c 28 cm. 
440 0 0 |a Forest resources research reports; no. 28 
500 0 0 |a Bibliography : p. 16 
650 0 0 |a Forest products industry 
650 0 0 |a Forests and forestry 
998 |a JPSM 
999 |a 0000002759   |b Monograph   |c Open Shelf   |e Default branch